|
|
|
|
| LEADER |
00000nab a2200000 i 4500 |
| 001 |
publ1252 |
| 005 |
20210121110620.0 |
| 008 |
210121s2018 hu o 000 zxx d |
| 022 |
|
|
|a 1786-0636
|
| 040 |
|
|
|a BGE Publikációtár Repozitórium
|b hun
|
| 100 |
1 |
|
|a Kétyi András
|
| 245 |
1 |
0 |
|a Uralni vagy szolgálni? – A digitális világ veszélyei és esélyei. Giovanni Cucci SJ
|b Virtuális paradicsom vagy pokol.com? – A digitális forradalom veszélyei és esélyei
|c Kétyi András
|h [elektronikus dokumentum]
|
| 260 |
|
|
|a Budapesti Gazdasági Egyetem Idegen Nyelvi és Kommunikációs Intézete
|c 2018
|
| 300 |
|
|
|a 116-118
|
| 490 |
0 |
|
|a Nyelvvilág
|v No. 21
|
| 650 |
|
4 |
|a irodalom- és kultúra tudományok
|
| 695 |
|
|
|a Könyvismertetés
|
| 695 |
|
|
|a Recenzió
|
| 856 |
4 |
0 |
|u https://publikaciotar.uni-bge.hu/id/eprint/1252/1/K%C3%A9tyi%20Andr%C3%A1s_21_recenzi%C3%B3.pdf
|z Dokumentum-elérés
|